| 000 | 00770cab a2200241 4500 | ||
|---|---|---|---|
| 001 | ABS45034 | ||
| 008 | 090401t1991 xxu||||| |||| 00| 0 eng d | ||
| 035 | _a(Sirsi) u50540 | ||
| 041 | _aeng | ||
| 100 | _aSamuels, A. | ||
| 245 | _aWorking from home: do you need planning permission? | ||
| 260 | _c1991 | ||
| 350 | _a0 | ||
| 490 |
_aSolicitors` Journal _v135(32) 16 August 1991, 927(1) |
||
| 520 | _aBasic advice on the criteria used to determine whether planning permission is required to work from home. Case law. | ||
| 650 | _aCHANGE OF USE | ||
| 650 | _aDEVELOPMENT CONTROL NOTE 2 | ||
| 650 | _aRESIDENTIAL AREAS | ||
| 650 | _aTOWN AND COUNTRY PLANNING ACT 1990 S55(2)(D) | ||
| 690 | _aPLANNING LAW AND PRACTICE | ||
| 942 | _n0 | ||
| 948 | _c04/03/1997 | ||
| 999 |
_c31538 _d31538 |
||